Dictators by Pictures - Statistics

General Stats
  • This quiz has been taken 169 times
  • The average score is 14 of 22
Answer Stats
Picture Hint Answer % Correct
North Korea Kim Jong Il
97%
Germany Adolf Hitler
96%
Soviet Union Joseph Stalin
96%
Italy Benito Mussolini
94%
China Mao Zedong
89%
Cuba Fidel Castro
88%
Libya Muammar Gaddafi
83%
Cambodia Pol Pot
83%
Spain Francisco Franco
81%
Iraq Saddam Hussein
81%
Zimbabwe Robert Mugabe
73%
Chile Augusto Pinochet
71%
Belarus Alexander Lukashenko
62%
Venezuela Nicolas Maduro
56%
Panama Manuel Noriega
55%
Haiti Francois Duvalier
50%
DR Congo Mobutu Sese Seko
50%
Burkina Faso Thomas Sankara
28%
Sudan Omar al-Bashir
27%
Ethiopia Mengistu Mariam
21%
Croatia Ante Pavelic
16%
Myanmar Ne Win
15%
No matching quizzes found
Score Distribution
Percent of People with Each Score
Percentile by Number Answered
Your Score History
You have not taken this quiz